ბათუმის შოთა რუსთაველის სახელმწიფო უნივერსიტეტის ბიბლიოთეკა

Агрохимия : (ბიბ.ჩანაწერი № 12044)

000 -LEADER
fixed length control field 00525nam a22001817a 4500
005 - DATE AND TIME OF LATEST TRANSACTION
control field 20190420191451.0
008 - FIXED-LENGTH DATA ELEMENTS--GENERAL INFORMATION
fixed length control field 181215c2018 ru ||||| |||| 00| 0 rus d
022 ## - INTERNATIONAL STANDARD SERIAL NUMBER
International Standard Serial Number 0002-1881
040 ## - CATALOGING SOURCE
Transcribing agency
041 ## - LANGUAGE CODE
Language code of text/sound track or separate title rus
245 ## - TITLE STATEMENT
Title Агрохимия :
Remainder of title 2018 /
Statement of responsibility, etc. ред. В.Н. Кудеяров.
260 ## - PUBLICATION, DISTRIBUTION, ETC.
Place of publication, distribution, etc. Москва,
Date of publication, distribution, etc. 2018,
300 ## - PHYSICAL DESCRIPTION
Extent v.
653 ## - INDEX TERM--UNCONTROLLED
Uncontrolled term აგრონომია
653 ## - INDEX TERM--UNCONTROLLED
Uncontrolled term პერიოდიკა
700 ## - ADDED ENTRY--PERSONAL NAME
Personal name Кудеяров, В.Н.
Relator term რედაქტორი
9 (RLIN) 28
942 ## - ADDED ENTRY ELEMENTS (KOHA)
Source of classification or shelving scheme
Koha item type პერიოდიკა
ეგზემპლარები
Withdrawn status Lost status Source of classification or shelving scheme Damaged status Not for loan Permanent Location Current Location Date acquired Serial Enumeration / chronology Barcode Date last seen Copy number Price effective from Koha item type
          ბათუმის შოთა რუსთაველის სახელმწიფო უნივერსიტეტის მთავარი ბიბლიოთეკა ბათუმის შოთა რუსთაველის სახელმწიფო უნივერსიტეტის მთავარი ბიბლიოთეკა 2018-12-15 N 7 (2018) p56748 2018-12-15 p56748 2018-12-15 პერიოდიკა
          ბათუმის შოთა რუსთაველის სახელმწიფო უნივერსიტეტის მთავარი ბიბლიოთეკა ბათუმის შოთა რუსთაველის სახელმწიფო უნივერსიტეტის მთავარი ბიბლიოთეკა 2018-12-15 N8 (2018) p45637 2018-12-15 p45637 2018-12-15 პერიოდიკა